000 00633nam a2200205Ia 4500
005 20250326143153.0
008 250326s9999 xx 000 0 und d
020 _a981-240-248-9
037 _aTextbook
040 _aFMSL
_beng
_cFMSL
041 _aeng
_2eng
084 _aSN1obX:8 Po
_qFMSL
100 _aWeiss Joseph W.
_9747296
245 0 _aOrganizational behavior and change:Managing diversity, cross-cultural dynamics, and ethics
_cWeiss Joseph W.
250 _a2
260 _aUnited Kingdom
_bUnited Kingdom, Vikas
_c2001
300 _axix,458
942 _cTB
_hSN1obX:8 Po
999 _c1298432
_d1298432